Codebreaker Logic Puzzle Quiz Stats

 Plays Quiz Updated Aug 19, 2013

     
Support Sporcle.
Go Orange.
Score 0/25 Timer 20:00
5 Plays Today
cell box % Correct
1???
100%
5???
46.8%
10???
44.5%
15???
42.8%
20???
40.1%
25???
39%
13???
35.5%
21???
29.3%
11???
28.5%
12???
26.4%
7???
18.9%
19???
17.9%
22???
17.3%
cell box % Correct
23???
15.9%
24???
15.2%
14???
9.7%
17???
9.3%
2???
8.2%
16???
8%
18???
7.3%
6???
7.1%
9???
6.7%
8???
5.6%
4???
5.5%
3???
5.2%

From the Vault

Odd One Out: Star Wars

by Perspektive

Movies 4m
Some of these stand out like a Wookiee in a herd of Ewoks.
Remove Ads.
Support Sporcle.
Get the best of Sporcle when you Go Orange. This ad-free experience offers more features, more stats, and more fun while also helping to support Sporcle. Thank you for becoming a member.

Show Comments

Extras

Top Quizzes Today


Score Distribution

Your Account Isn't Verified!

In order to create a playlist on Sporcle, you need to verify the email address you used during registration. Go to your Sporcle Settings to finish the process.

Report this User

Report this user for behavior that violates our Community Guidelines.

Details: